Breaking The Silence: (Record no. 202889)
[ view plain ]
| 000 -LEADER | |
|---|---|
| fixed length control field | 00578nam a22001817a 4500 |
| 005 - DATE AND TIME OF LATEST TRANSACTION | |
| control field | 20240517121555.0 |
| 010 ## - LCCN (DPL NO) | |
| LC control number | ENG-140343 |
| 020 ## - INTERNATIONAL STANDARD BOOK NUMBER | |
| Terms of availability | 550.00 |
| International Standard Book Number | 9788195767175 |
| 035 ## - SYSTEM CONTROL NUMBER | |
| System control number | EN-123875 |
| 037 ## - SOURCE OF ACQUISITION | |
| Source of stock number/acquisition | DBAD |
| 082 ## - DEWEY DECIMAL CLASSIFICATION NUMBER | |
| Classification number | 338.9 |
| 245 ## - TITLE STATEMENT | |
| Title | Breaking The Silence: |
| Remainder of title | Margins And Fringes / |
| Statement of responsibility, etc | edited by Neelam Bhardwaj |
| 260 ## - PUBLICATION, DISTRIBUTION, ETC. (IMPRINT) | |
| Place of publication, distribution, etc | Ludhiana (Pb.) |
| Name of publisher, distributor, etc | Read Tree International |
| Date of publication, distribution, etc | 2023 |
| 270 ## - ADDRESS | |
| Address | Read Tree International, |
| City | Ludhiana (Pb.) |
| Postal code | 141010 |
| 300 ## - PHYSICAL DESCRIPTION | |
| Extent | xviii,159p.: |
| Dimensions | 21cm(pb) |
| Other physical details | ill. |
| 700 ## - ADDED ENTRY--PERSONAL NAME | |
| 9 (RLIN) | 65564 |
| Personal name | Bhardwaj, Neelam |
| 942 ## - ADDED ENTRY ELEMENTS (KOHA) | |
| Source of classification or shelving scheme | Dewey Decimal Classification |
| Item type | English Books |
| Classification part | 338.9 |
| Call number suffix | BRE |
| Withdrawn status | Lost status | Not for loan | Collection code | Home library | Current library | Date acquired | Source of acquisition | Cost, normal purchase price | Full call number | Barcode | Copy number | Cost, replacement price | Koha item type |
|---|---|---|---|---|---|---|---|---|---|---|---|---|---|
| Non-fiction | Bawana | Bawana | 16/05/2024 | DBAD | 550.00 | 338.9 BRE | EN-123875 | 1 | 550.00 | English Books |
